00669nam a2200121Ia 4500008004100000020001800041100008700059245014500146260002700291650016700318650002200485856004000507171212s9999 xx 000 0 und d a9780833044587 aBensahel, Nora;Oliker, Olga;Crane, Keith;Brennan, Richard R. Jr.;Gregg, Heather S. cBensahel, Nora;Oliker, Olga;Crane, Keith;Brennan, Richard R. Jr.;Gregg, Heather S.aAfter SaddambPrewar Planning and the Occupation of Iraq bRAND Corporationc2008 aIraq War, 2003; Military planning -- United States; Postwar reconstruction -- Iraq; Coalition Provisional Authority; Insurgency -- Iraq; National security -- Iraq aPolitical Science uwww.jstor.org/stable/10.7249/mg642a